| 000 | 00736nam a2200253Ia 4500 | ||
|---|---|---|---|
| 003 | GCL | ||
| 008 | 140319s9999 xx 000 0 ara d | ||
| 040 |
_aGCL / _cGCL |
||
| 082 | 0 | 4 |
_a92.071 _bو س |
| 100 | 1 | _aرمزى حليم يس | |
| 245 | 1 | 0 |
_aستة من رواد الكشف الجغرافى / _cرمزى حليم يس |
| 700 | 1 | _aولتن , جون | |
| 700 | 1 | _aالتن, جون | |
| 300 | _a83 | ||
| 490 |
_aالالف كتاب _v0 |
||
| 650 | 0 | 4 | _aالجغرافيون |
| 650 | 0 | 4 | _aكولمبس , كرستوفر |
| 650 | 0 | 4 | _aكابتن كوك |
| 650 | 0 | 4 | _aبولو, ماركو |
| 650 | 0 | 4 | _aكابتن استيرت |
| 650 | 0 | 4 | _aدكتور لفنصبتون |
| 650 | 0 | 4 | _aكابتن سكوت |
| 942 |
_2ddc _cBK |
||
| 999 |
_c46016 _d46016 |
||